Sports Quiz

Random Sports or WWE Quiz

Mid-South TV Title Tournament (Dec 1985) Quiz Stats

 Plays Quiz not verified by Sporcle

Support Sporcle.
Go Orange.
Score 0/14 Timer 07:00
0 Plays Today
% Correct
Hacksaw Jim Duggan
76.7%
Jake the Snake Roberts
71.2%
Dr. Death Steve Williams
68.5%
Mr. Unpredictable Dick Slater
60.3%
Hotstuff Eddie Gilbert
58.9%
Mad Dog Buzz Sawyer
45.2%
Rick Steiner
45.2%
% Correct
Rick Gibson
27.4%
Nightmare
19.2%
Al Perez
17.8%
Lord Humongous
12.3%
Tommy Wright
8.2%
Sean O'Reilly
8.2%
Nick Patrick
6.8%

You're not logged in!

Compare scores with friends on all Sporcle quizzes.
OR
Log In

From the Vault

Sherlock Surnames

by PipasHappy

There's no times for first names. Last names only.
Remove Ads.
Support Sporcle.
Get the best of Sporcle when you Go Orange. This ad-free experience offers more features, more stats, and more fun while also helping to support Sporcle. Thank you for becoming a member.

Show Comments

Extras

Top Quizzes Today


Score Distribution

Your Account Isn't Verified!

In order to create a playlist on Sporcle, you need to verify the email address you used during registration. Go to your Sporcle Settings to finish the process.

Report this User

Report this user for behavior that violates our Community Guidelines.

Details: